000
00319nam a22001457a 4500
008
210310b ||||| |||| 00| 0 eng d
020
_a
0030585120
041
_a
eng
080
_a
53
082
_a
53
100
_a
43
101
_a
FIZ
245
_a
Introduction to Modern Physics
_c
Anderson, E. E
942
_2
udc
_c
BK
999
_c
56198
_d
56198